| 000 | 01031nam a22002777a 4500 | ||
|---|---|---|---|
| 999 |
_c89467 _d89467 |
||
| 005 | 20230523151645.0 | ||
| 010 | _aBAC-EN21 ENG-111648 B-686455-469 ENG-136982 | ||
| 020 |
_a9789380005645 _c250.00 |
||
| 035 | _aEN-95180 | ||
| 035 | _aEN-120514 | ||
| 035 | _aB-579175-200 | ||
| 035 | _aB-667502 | ||
| 035 | _aB-686455-469 | ||
| 037 |
_bKBD/Ven _adpl |
||
| 037 | _bDABD/PUB | ||
| 082 | _aS | ||
| 100 | _aLawrence, D.H. | ||
| 245 |
_aSelected short stories / _cby D.H. Lawrence |
||
| 260 |
_aNoida _bMaple Press _c2014(repr.) |
||
| 270 |
_aA-63, Sector-58, _bNoida _e201301 |
||
| 300 |
_a456p. _c22cm(Hb) |
||
| 942 |
_2ddc _cEN _mLAW _hS |
||